|
|
|
|
| LEADER |
00000nam0a2200000 4500 |
| 001 |
327790 |
| 005 |
20240620092505.0 |
| 035 |
|
|
|a (RuTPU)RU\TPU\book\353477
|
| 090 |
|
|
|a 327790
|
| 100 |
|
|
|a 20170203d1979 km y0rusy50 ca
|
| 101 |
0 |
|
|a rus
|
| 102 |
|
|
|a RU
|
| 105 |
|
|
|a a z 000zd
|
| 200 |
1 |
|
|a У древка сыновья и внуки
|f Д. А. Зельвенский
|
| 210 |
|
|
|a Новосибирск
|c Западно-Сибирское книжное издательство
|d 1979
|
| 215 |
|
|
|a 238 с.
|c ил.
|
| 600 |
|
0 |
|a Александр Ярославич Невский
|c Великий князь Владимирский и Киевский из династии Рюриковичей
|c князь Новгородский
|f 1219-1263
|2 stltpush
|3 (RuTPU)RU\TPU\pers\5915
|9 1142
|
| 600 |
|
0 |
|a Ермак Тимофеевич
|c казачий атаман
|f 1532/1542-1585
|2 stltpush
|3 (RuTPU)RU\TPU\pers\168
|9 90
|
| 606 |
1 |
|
|a Вооруженные силы
|x СССР
|x История
|2 stltpush
|3 (RuTPU)RU\TPU\subj\3696
|9 32074
|
| 610 |
1 |
|
|a знамена
|
| 610 |
1 |
|
|a войны
|
| 610 |
1 |
|
|a Родина
|
| 610 |
1 |
|
|a защита
|
| 610 |
1 |
|
|a подвиги
|
| 610 |
1 |
|
|a Бородинская битва
|
| 610 |
1 |
|
|a история
|
| 610 |
1 |
|
|a победа
|
| 610 |
1 |
|
|a народ
|
| 610 |
1 |
|
|a сибирские полки
|
| 610 |
1 |
|
|a преемственность
|
| 610 |
1 |
|
|a патриотизм
|
| 610 |
1 |
|
|a Вооруженные Силы
|
| 686 |
|
|
|a Ц4,6(2)1
|v LBC/SL-A
|2 rubbk
|
| 700 |
|
1 |
|a Зельвенский
|b Д. А.
|g Давид Александрович
|
| 801 |
|
1 |
|a RU
|b 63413507
|c 20170203
|
| 801 |
|
2 |
|a RU
|b 63413507
|c 20170208
|g RCR
|
| 942 |
|
|
|c BK
|